000 00364nam a22001577a 4500
003 SGT
020 _a978-81-7132-828-4
082 _a646.7
_bTRI
100 _aTRIVEDI, P.C.
245 _aFOOD TECHNOLOGY AND APPLICATION OF MICROBES
250 _a1ST
260 _aINDIA
_bPOINTER PUB.
_c2020
300 _a180
650 _aFOOD TECHNOLOGY
942 _2ddc
_cBK
999 _c28566
_d28566